| 000 | 00752nam a2200241Ia 4500 | ||
|---|---|---|---|
| 008 | 130821s1997 sp gr spa | ||
| 020 | _a8447009947 | ||
| 040 |
_aCo-BoUCM _bspa |
||
| 041 | 0 | 0 | _aspa |
| 100 |
_aRobles, Gregorio _9158317 |
||
| 245 | 0 | 0 |
_aSociología del derecho _cGregorio Robles. |
| 250 | _a2a. ed. | ||
| 260 |
_aMadrid (España) _bCivitas _c1997 |
||
| 300 | _a318 páginas | ||
| 490 | _aTratados y Manuales | ||
| 504 | _aIncluye bibliografía e índice. | ||
| 650 | 0 | 4 |
_aDerecho y sociedad _912849 |
| 650 | 0 | 4 |
_aFilosofía del derecho _915792 |
| 650 | 0 | 4 |
_aInterpretación del derecho _917899 |
| 650 | 0 | 4 |
_aTeoría del derecho _925308 |
| 942 |
_cLIBRO _a8 _e2 _mR628s _2DEWEY _h340.115 |
||
| 999 |
_c32534 _d32534 |
||